Towards an environmentally sound law of the sea (Record no. 514)

MARC details
000 -LEADER
fixed length control field 00700nam a2200157 a 4500
008 - FIXED-LENGTH DATA ELEMENTS--GENERAL INFORMATION
fixed length control field 120712s1974 ||||||||||||||||| || u
050 ## - LIBRARY OF CONGRESS CALL NUMBER
Classification number KJ 651 Hal
100 ## - MAIN ENTRY--PERSONAL NAME
Personal name Hallman, Robert Marshall, 1940-
245 10 - TITLE STATEMENT
Title Towards an environmentally sound law of the sea
Statement of responsibility, etc. by Robert M. Hallman
260 ## - PUBLICATION, DISTRIBUTION, ETC.
Place of publication, distribution, etc. London
Name of publisher, distributor, etc. International Institute for Environment and Development (IIED)
Date of publication, distribution, etc. 1974
300 ## - PHYSICAL DESCRIPTION
Extent vii, 83p.: ill.
500 ## - GENERAL NOTE
General note Bibliography
650 ## - SUBJECT ADDED ENTRY--TOPICAL TERM
Topical term or geographic name entry element MARINE POLLUTION--LAW AND LEGISLATION
650 ## - SUBJECT ADDED ENTRY--TOPICAL TERM
Topical term or geographic name entry element MARINE RESOURCES CONSERVATION--LAW AND LEGISLATION
995 ## -
-- SPECIAL COLLECTIONS
-- 500090
-- CBU-DAG HAMMARSKJOLD INSTITUTE LIBRARY
-- DAG KJ 651 Hal
-- 1
-- AVAILABLE
-- Aug 29, 2012
-- 500090
-- DHIPS Book Collection
999 ## -
-- 514
-- 514
Holdings
Withdrawn status Lost status Source of classification or shelving scheme Damaged status Not for loan Permanent Location Current Location Shelving location Date acquired Total Checkouts Full call number Barcode Date last seen Price effective from Koha item type
          CBU-DAG HAMMARSKJOLD INSTITUTE CBU-DAG HAMMARSKJOLD INSTITUTE   11/28/2022   KJ 651 Hal 500090 11/28/2022 11/28/2022 MONOGRAPH